000
00301nam a22001337a 4500
020
_a
019567877-X
082
_a
823
_b
CHA/I
100
_a
CHANDUMENON, O
245
_a
INDULEKHA
260
_a
DELHI
_b
OXFORD UNIVERSITY PRESS
_c
2005
300
_a
287
650
_a
MALAYALAM LITERATURE
_z
INDIA
942
_c
BK
999
_c
7099
_d
7099